000 00859nam a22002297a 4500
999 _c159825
_d159825
005 20190110125238.0
010 _aB-713062
020 _c495.00
_a817992257X
035 _aB-713062
037 _bpancy Books
082 _a332.7
100 _aBagchi, S.K.
245 _aCredit risk management:
_cby S.K.Bagchi
_bRBI/ basel II implications /
250 _a3rd revised & enlarged edition
260 _aNew Delhi
_bJaico Publishing House
_c2004
270 _aA-2,Jash Chambers, 7-A Sir Phirozshah Mehta Road, Fort,
_bMumbai
300 _axiv, 398p.
_c22cm(Pbk)
650 _aBanks and banking
_zIndia
650 _aCredit
_zIndia
942 _2ddc
_cEN
_mBAG
_h332.7